000 02263nam a2200289 i 4500
005 20251212125046.0
007 ta
008 200622s2025 000 0 eng d
040 _aCO-CtgCURN
_bspa
_ccoctgcurn
082 0 _aTCS 2025
_bA185
100 1 _aAcosta Pérez, Estephanie Edith,
_eauthor.
_4aut
245 1 0 _aInflación y economía informal en Cartagena de Indias :
_bsu impacto y desafíos en el sector comercial /
_cEstephanie Edith Acosta Pérez; Daniela López Gil; Valery Carolina Pearson Torres; Asesor: Yasmin Rocío Ospino Reyes.
260 _aCartagena de Indias :
_bCorporación Universitaria Rafael Núñez,
_c2025.
300 _a24 hojas.
336 _atext
_btxt
_2rdacontent
337 _aunmediated
_bn
_2rdamedia
338 _avolume
_bnc
_2rdacarrier
502 _aTrabajo de grado (Tecnologo en contabilidad sistematizada). Corporación Universitaria Rafael Núñez. Facultad de Ciencias Administrativas y Contables. Programa de Tecnología en Contabilidad Sistematizada, 2025.
520 8 _a"Cartagena, como una de las principales ciudades turísticas y comerciales de Colombia, enfrenta una problemática persistente relacionada con la inflación y el crecimiento de la economía informal. A lo largo de los años, la ciudad ha experimentado un incremento significativo en el costo de vida debido a diversos factores, tales como la devaluación del peso, el aumento en los precios de los alimentos y los servicios básicos, y el impacto de crisis económicas tanto nacionales como internacionales. Este fenómeno ha afectado de manera directa la economía local, incidiendo en la capacidad adquisitiva de los ciudadanos y generando un entorno económico complejo para los sectores formales e informales de la ciudad."
650 0 _aContabilidad sistematizada
_xTesis y disertaciones académicas.
700 1 _aLópez Gil, Daniela.
700 1 _aPearson Torres, Valery Carolina.
700 1 _aOspino Reyes, Yasmin Rocío ,
_easesor.
856 7 _uhttps://unicurn.sharepoint.com/:b:/s/biblioteca/IQD2UEi0C8oMRYJbOXEf7g-TAexuoP_8cp1m377MEtzT0DQ?e=bqNMyS
_zClick aqui para ver el recurso en texto completo
942 _cTG
_hTCS 2025
_iA185
_aMHC
_bMHC
_2ddc
999 _c50266
_d50266